[Event "Madrid-ch Previa-B"]
[Site "Madrid"]
[Date "2009.11.07"]
[Round "3"]
[White "Nieto Esteban, Manuel"]
[Black "Ballesteros Galvez, Daniel"]
[Result "1-0"]
[WhiteElo "1801"]
[BlackElo "1557"]
[PlyCount "59"]
[EventDate "2009.11.05"]
[EventType "swiss"]
[EventRounds "9"]
[EventCountry "ESP"]
[SourceTitle "CBM 133 Extra"]
[Source "ChessBase"]
[SourceDate "2010.01.05"]
[SourceVersion "1"]
[SourceVersionDate "2010.01.05"]
[SourceQuality "1"]

1. d4 Nf6 2. c4 e6 3. Nc3 Bb4 4. Qc2 c5 5. Nf3 d5 6. cxd5 Nxd5 7. e4 cxd4 8. Nxd4 Nxc3 9. bxc3 Bc5 10. Nb3 Bb6 11. Bb5+ Bd7 12. Bxd7+ Nxd7 13. Ba3 Qg5 14. 0-0 0-0-0 15. Nd4 Bc5 16. Rab1 Bxa3 17. Qb3 b6 18. Qxa3 Kb7 19. Nb5 Qc5 20. Qxa7+ Kc8 21. Qa8+ Nb8 22. a4 Rd2 23. a5 Ra2 24. Na7+ Kc7 25. axb6+ Kd6 26. Nb5+ Qxb5 27. Qxa2 Qc6 28. Rfd1+ Ke7 29. e5 Qxc3 30. Qa7+ 1-0

[Event "ESP-ch U14"]
[Site "Padron"]
[Date "2008.07.13"]
[Round "1"]
[White "Ontanon Gomez, Pablo"]
[Black "Ballesteros Galvez, Daniel"]
[Result "1-0"]
[WhiteElo "1874"]
[BlackElo "2444"]
[PlyCount "67"]
[EventDate "2008.07.13"]
[EventType "swiss"]
[EventRounds "9"]
[EventCountry "ESP"]
[SourceTitle "CBM 125 Extra"]
[Source "ChessBase"]
[SourceDate "2008.09.01"]
[SourceVersion "1"]
[SourceVersionDate "2008.09.01"]
[SourceQuality "1"]

1. e4 e5 2. Nf3 Nf6 3. Nxe5 d6 4. Nf3 Nxe4 5. d4 Be7 6. Bd3 d5 7. 0-0 0-0 8. Re1 Nf6 9. h3 Nc6 10. c3 Re8 11. Bf4 Be6 12. Qc2 g6 13. Nbd2 Qd7 14. Ng5 Bd6 15. Bxd6 Qxd6 16. Nxe6 Rxe6 17. Rxe6 Qxe6 18. Nf3 Re8 19. Qb3 b6 20. Qa4 Na5 21. b4 Qc6 22. Qc2 Nc4 23. a4 Nd6 24. Ne5 Qb7 25. c4 dxc4 26. Bxc4 Qe4 27. Qa2 Nxc4 28. Qxc4 Qd5 29. Qxc7 Qxd4 30. Qxf7+ Kh8 31. Qxf6+ Kg8 32. Qf7+ Kh8 33. Qxe8+ Kg7 34. Qf7+ 1-0